Estatísticas para Países que Dão Mais Ajuda Externa

Clique aqui para jogar o quiz

Estatísticas Gerais

  • Esse quiz foi jogado 1 834 vezes
  • A pontuação média é 17 de 21

Estatísticas das Respostas

Total $% do PNBPaís% Correto
31.1 biEstados Unidos
99%
4.29 bi0.28%Canadá
95%
17.8 bi0.52%Alemanha
94%
9.23 bi0.37%França
93%
4.28 bi1.05%Noruega
92%
9.32 biJapão
91%
18.7 bi0.71%Reino Unido
91%
3.84 biItália
90%
7.09 bi1.40%Suécia
90%
3.22 biAustrália
86%
0.56%Finlândia
85%
3.54 bi0.52%Suíça
84%
2.57 bi0.85%Dinamarca
79%
1.91 biCoreia do Sul
77%
5.81 bi0.76%Países Baixos
76%
0.42%Bélgica
74%
0.32%Áustria
68%
0.36%Irlanda
64%
0.93%Luxemburgo
52%
3.91 bi0.54%Turquia
52%
4.39 bi1.09%Emirados Árabes Unidos
41%

Distribuição das Pontuações

Percentil de Números Respondidos

Porcentagem de Pessoas com Cada Pontuação

Sua Pontuação Histórica

Você não jogou esse quiz